00904nam a22001697a 450000500170000000800410001705000300005810000260008824501410011426000340025530000210028950000400031065001880035094200130053899900190055195201640057020260512111250.0260512b |||||||| |||| 00| 0 eng d aTHTE S 531 .N93 2025bC.1 aNyamwamu, Peter Obaga aAssessment of Professional Development Among Teachrs of Agriculture and Performance of Public Secondary Schools in Nyamira County, Kenya aKisiibKisii Universityc2025 axxiv, 149p.:ill. aIncludes bibliographical references a1. Teachers of agriculture - Kenya - Professional development. 2. Teacher effectiveness - Kenya - Nyamira County. 3. Professional learning communities - Kenya - Agricultural teachers. 2lcccREF c217112d217112 00102lcc406THT E S531 N93 02025708SC9377423aKSULbKSULd2026-05-12i113313l0oTHTE S 531 .N93 2025pA002039r2026-05-12 11:14:08tC.1w2026-05-12yREF